| 000 | 00794nam a2200217 a 4500 | ||
|---|---|---|---|
| 001 | 000027606 | ||
| 005 | 20240316073904.0 | ||
| 008 | 110401s1975 dr ab 000 0 spa d | ||
| 040 |
_aDO-SdBNP _bspa _cBNPHU |
||
| 245 | 0 | 0 |
_aCayo cofresi : _bun sitio preceramico de Puerto Rico / _cMarcio Veloz Maggiolo... [et al.]. |
| 260 |
_aSanto Domingo : _bEdiciones de Taller, _c1975. |
||
| 300 |
_a95 p. : _bil., map. ; _c22 cm. |
||
| 490 | 1 |
_aSociedad Guaynía de Arqueología e Historia _vno. 6 |
|
| 504 | _aBibliografía : p. 94 | ||
| 700 | 1 |
_aGonzález Colón, Juan _954700 |
|
| 700 | 1 |
_aMaiz, Edgar J. _954701 |
|
| 700 | 1 |
_aRodríguez, E. Questell _954702 |
|
| 700 | 1 |
_aVeloz Maggiolo, Marcio, _d1936-2021 _91104 |
|
| 830 | 0 |
_aSociedad Guaynía de Arqueología e Historia _n6 _954703 |
|
| 049 | _aBNPD | ||
| 999 |
_c27098 _d27098 |
||